[Event "Klatovy op-A 29th"]
[Site "Klatovy"]
[Date "2023.07.07"]
[Round "7"]
[White "Polak, Michal1111"]
[Black "Kopta, Pavel"]
[Result "1/2-1/2"]
[WhiteElo "1959"]
[BlackElo "2209"]
[PlyCount "94"]
[EventDate "2023.07.01"]
[EventType "swiss"]
[EventRounds "9"]
[EventCountry "CZE"]
[SourceTitle "CBM 215 Extra"]
[Source "ChessBase"]
[SourceDate "2023.09.30"]
[SourceVersion "1"]
[SourceVersionDate "2023.09.30"]
[SourceQuality "1"]

1. e4 c5 2. Nf3 d6 3. d4 cxd4 4. Nxd4 Nf6 5. Nc3 g6 6. Bc4 Bg7 7. 0-0 0-0 8. Bb3 Nc6 9. h3 Bd7 10. Be3 Rc8 11. Nxc6 Bxc6 12. e5 dxe5 13. Qxd8 Rfxd8 14. Bxa7 e6 15. Rad1 Nd5 16. Ne4 Ra8 17. Bc5 b6 18. Ba3 Nf4 19. f3 Rd4 20. Nd6 Bf8 21. Nc4 Bxa3 22. Nxa3 Rad8 23. c3 Rd2 24. Rxd2 Rxd2 25. Rf2 Rxf2 26. Kxf2 Nd3+ 27. Ke3 Nxb2 28. Kd2 e4 29. Bc2 exf3 30. gxf3 b5 31. Be4 Bd7 32. h4 f5 33. Bd3 Nxd3 34. Kxd3 Kf7 35. Kd4 Kf6 36. f4 h6 37. c4 bxc4 38. Nxc4 g5 39. hxg5+ hxg5 40. fxg5+ Kxg5 41. Ke5 f4 42. Nd2 Kg4 43. a4 Kg3 44. a5 Bc8 45. Ne4+ Kf3 46. Ng5+ Ke3 47. a6 Bxa6 1/2-1/2

[Event "Klatovy op-A 29th"]
[Site "Klatovy"]
[Date "2023.07.03"]
[Round "3"]
[White "Stary, Lukas"]
[Black "Kopta, Pavel"]
[Result "1/2-1/2"]
[WhiteElo "1932"]
[BlackElo "2209"]
[PlyCount "55"]
[EventDate "2023.07.01"]
[EventType "swiss"]
[EventRounds "9"]
[EventCountry "CZE"]
[SourceTitle "CBM 215 Extra"]
[Source "ChessBase"]
[SourceDate "2023.09.30"]
[SourceVersion "1"]
[SourceVersionDate "2023.09.30"]
[SourceQuality "1"]

1. d4 Nf6 2. Bf4 g6 3. Nc3 d6 4. e4 Bg7 5. Qd2 c6 6. Bh6 Bxh6 7. Qxh6 Qa5 8. f3 b5 9. Qd2 Nbd7 10. Nh3 Nb6 11. Nf2 Rb8 12. b3 Nbd7 13. Bd3 0-0 14. Ne2 Qxd2+ 15. Kxd2 e5 16. a4 b4 17. f4 exf4 18. Nxf4 c5 19. d5 Ne5 20. Nd1 Re8 21. Re1 g5 22. Ne2 h5 23. Ng1 Kg7 24. Nf3 Kh6 25. Nxe5 Rxe5 26. Nb2 Re7 27. Nc4 Rd7 28. Rf1 1/2-1/2

[Event "Klatovy op-A 29th"]
[Site "Klatovy"]
[Date "2023.07.02"]
[Round "2"]
[White "Kopta, Pavel"]
[Black "Novak, Vaclav2222"]
[Result "1/2-1/2"]
[WhiteElo "2209"]
[BlackElo "1948"]
[PlyCount "99"]
[EventDate "2023.07.01"]
[EventType "swiss"]
[EventRounds "9"]
[EventCountry "CZE"]
[SourceTitle "CBM 215 Extra"]
[Source "ChessBase"]
[SourceDate "2023.09.30"]
[SourceVersion "1"]
[SourceVersionDate "2023.09.30"]
[SourceQuality "1"]

1. d4 d5 2. c4 e6 3. Nc3 Nf6 4. Bg5 Nbd7 5. cxd5 exd5 6. e3 Be7 7. Bd3 0-0 8. Qc2 h6 9. Bh4 c6 10. Nge2 Re8 11. 0-0 Nh5 12. Bxe7 Qxe7 13. Rab1 a5 14. Na4 Nhf6 15. Rfc1 Qd6 16. Ng3 Ng4 17. Re1 b5 18. Nc3 Ndf6 19. Nf1 h5 20. f3 Nh6 21. Rbc1 Bd7 22. Ne2 Re7 23. Qc5 Qxc5 24. Rxc5 Rae8 25. Nc1 g5 26. Nb3 Ra8 27. Kf2 g4 28. Re2 Be8 29. Rec2 Rb7 30. Nfd2 a4 31. Nc1 Kg7 32. b4 Re7 33. a3 Bd7 34. e4 gxf3 35. gxf3 Rae8 36. Ne2 dxe4 37. Rg5+ Kf8 38. Nxe4 Nxe4+ 39. Bxe4 Rxe4 40. fxe4 Rxe4 41. Kf3 Re6 42. Nf4 Rf6 43. Rf2 Ng4 44. Rd2 Nh6 45. Ke3 Nf5+ 46. Kd3 Nd6 47. Rf2 Bf5+ 48. Ke2 Bg4+ 49. Kd3 Bf5+ 50. Ke2 1/2-1/2

[Event "CZE-chT2B 2223"]
[Site "Czech Republic"]
[Date "2022.10.16"]
[Round "1.5"]
[White "Hlavac, Rudolf"]
[Black "Kopta, Pavel"]
[Result "1-0"]
[WhiteElo "1970"]
[BlackElo "2219"]
[PlyCount "144"]
[EventDate "2022.10.16"]
[EventType "team-tourn"]
[EventRounds "11"]
[EventCountry "CZE"]
[SourceTitle "EXT 2024"]
[Source "ChessBase"]
[SourceDate "2023.10.10"]
[SourceVersion "1"]
[SourceVersionDate "2023.10.10"]
[SourceQuality "1"]
[WhiteTeam "Karlovy Vary"]
[BlackTeam "Kobylisy"]
[WhiteTeamCountry "CZE"]
[BlackTeamCountry "CZE"]

1. e4 c5 2. Nf3 d6 3. d4 cxd4 4. Qxd4 a6 5. Be3 Nc6 6. Qd2 Nf6 7. Nc3 e6 8. 0-0-0 Be7 9. Bf4 b5 10. Bxd6 Qxd6 11. Qxd6 Bxd6 12. Rxd6 Bb7 13. Nd4 Ne5 14. Nxe6 Ke7 15. Rb6 Bc6 16. Nc7 Ra7 17. f4 Rxc7 18. fxe5 Nxe4 19. Rxc6 Rxc6 20. Nxe4 Rhc8 21. Bd3 Re6 22. Nd6 Rc5 23. Rf1 Rcxe5 24. Nf5+ Kf8 25. Kd2 Rf6 26. Ne3 Rxf1 27. Bxf1 Ke7 28. a4 bxa4 29. Bxa6 Ra5 30. Bc4 a3 31. bxa3 Rxa3 32. Bd5 g6 33. c4 f5 34. Nc2 Rb3 35. Nd4 Rb1 36. Ke3 Kd6 37. Kf4 h6 38. h4 Rf1+ 39. Nf3 Rf2 40. g3 Rf1 41. h5 gxh5 42. Kxf5 Rf2 43. Ke4 Rf1 44. Nd4 Re1+ 45. Kf3 Ke5 46. Ne2 Ra1 47. Nf4 Ra3+ 48. Kg2 Kf5 49. Nxh5 Rc3 50. Kh3 Kg5 51. Nf4 Kf5 52. Kh4 Rc2 53. Be6+ Kf6 54. Kg4 Ke5 55. Bd5 Rc3 56. Nh5 Rc2 57. Ng7 Rc3 58. Nf5 h5+ 59. Kg5 Rd3 60. Bf7 Rc3 61. Bxh5 Rxc4 62. g4 Rc1 63. Bf7 Rh1 64. Nh6 Rg1 65. Ng8 Rf1 66. Bg6 Rf8 67. Ne7 Rf1 68. Bf5 Ra1 69. Ng6+ Kd4 70. Kf6 Ra6+ 71. Be6 Ke4 72. g5 Ra8 1-0

[Event "Klatovy op 28th"]
[Site "Klatovy"]
[Date "2022.07.06"]
[Round "5"]
[White "Kopriva, Martin"]
[Black "Kopta, Pavel"]
[Result "0-1"]
[WhiteElo "2124"]
[BlackElo "2234"]
[PlyCount "74"]
[EventDate "2022.07.02"]
[EventType "swiss"]
[EventRounds "9"]
[EventCountry "CZE"]
[SourceTitle "EXT 2023"]
[Source "ChessBase"]
[SourceDate "2022.10.05"]
[SourceVersion "1"]
[SourceVersionDate "2022.10.05"]
[SourceQuality "1"]

1. e4 c5 2. Nf3 Nc6 3. Nc3 g6 4. d4 cxd4 5. Nxd4 Bg7 6. Be3 Nf6 7. Nb3 0-0 8. Be2 d6 9. f4 Be6 10. g4 Na5 11. Bd4 Rc8 12. 0-0 Bc4 13. g5 Bxe2 14. Qxe2 Nh5 15. Bxg7 Kxg7 16. f5 e6 17. f6+ Kh8 18. Rad1 Nc4 19. Rd3 Qb6+ 20. Kh1 a5 21. Rh3 Rg8 22. Rg1 Nxb2 23. Rg4 Qa6 24. Rgh4 Qxe2 25. Nxe2 Nd1 26. Kg1 Rxc2 27. Kf1 Rgc8 28. Ke1 Nb2 29. Ng3 Nd3+ 30. Kf1 Ndf4 31. Nxh5 Nxh3 32. Rxh3 gxh5 33. Nxa5 Rc1+ 34. Ke2 R8c2+ 35. Kd3 Rc3+ 36. Kd2 Rxh3 37. Kxc1 b6 0-1

[Event "Klatovy op 28th"]
[Site "Klatovy"]
[Date "2022.07.02"]
[Round "1"]
[White "Mach, Ondrej"]
[Black "Kopta, Pavel"]
[Result "1-0"]
[WhiteElo "1910"]
[BlackElo "2234"]
[PlyCount "49"]
[EventDate "2022.07.02"]
[EventType "swiss"]
[EventRounds "9"]
[EventCountry "CZE"]
[SourceTitle "EXT 2023"]
[Source "ChessBase"]
[SourceDate "2022.10.05"]
[SourceVersion "1"]
[SourceVersionDate "2022.10.05"]
[SourceQuality "1"]

1. d4 Nf6 2. c4 e6 3. Nf3 c5 4. d5 exd5 5. cxd5 d6 6. Nc3 g6 7. Bf4 a6 8. e4 Bg7 9. a4 0-0 10. Bd3 Re8 11. 0-0 Nh5 12. Bg5 Qb6 13. Qc1 Nd7 14. Nd2 Ne5 15. Be2 f5 16. a5 Qc7 17. Bxh5 gxh5 18. exf5 Bxf5 19. Nde4 Rf8 20. Bh6 Rae8 21. Qg5 Bg6 22. Bxg7 Kxg7 23. f4 h6 24. Qg3 Ng4 25. f5 1-0

[Event "CZE-chT1W 2122"]
[Site "Czech Republic"]
[Date "2022.03.06"]
[Round "10.5"]
[White "Sedy, Pavel"]
[Black "Kopta, Pavel"]
[Result "0-1"]
[WhiteElo "2193"]
[BlackElo "2239"]
[PlyCount "44"]
[EventDate "2021.10.10"]
[EventType "team-tourn"]
[EventRounds "11"]
[EventCountry "CZE"]
[SourceTitle "EXT 2023"]
[Source "ChessBase"]
[SourceDate "2022.10.05"]
[SourceVersion "1"]
[SourceVersionDate "2022.10.05"]
[SourceQuality "1"]
[WhiteTeam "Vysehrad SK Sokol"]
[BlackTeam "Kobylisy"]
[WhiteTeamCountry "CZE"]
[BlackTeamCountry "CZE"]

1. e4 c5 2. Nf3 d6 3. d4 cxd4 4. Nxd4 Nf6 5. Nc3 g6 6. Be2 Bg7 7. Be3 Nc6 8. Nb3 0-0 9. 0-0 Be6 10. f4 Rc8 11. Bf3 Nd7 12. Rb1 Nb6 13. Nd5 Nc4 14. Bc1 Bxd5 15. exd5 Qb6+ 16. Kh1 Nb8 17. Re1 Rfe8 18. Qd3 Qa6 19. a3 Nd7 20. Nd2 Nxd2 21. Qxd2 Qc4 22. Re2 Qa2 0-1

[Event "CZE-chT1W 2122"]
[Site "Czech Republic"]
[Date "2022.02.20"]
[Round "9.3"]
[White "Hlavina, Matous"]
[Black "Kopta, Pavel"]
[Result "1/2-1/2"]
[WhiteElo "2126"]
[BlackElo "2239"]
[PlyCount "86"]
[EventDate "2021.10.10"]
[EventType "team-tourn"]
[EventRounds "11"]
[EventCountry "CZE"]
[SourceTitle "EXT 2023"]
[Source "ChessBase"]
[SourceDate "2022.10.05"]
[SourceVersion "1"]
[SourceVersionDate "2022.10.05"]
[SourceQuality "1"]
[WhiteTeam "Ricany Betsys"]
[BlackTeam "Kobylisy"]
[WhiteTeamCountry "CZE"]
[BlackTeamCountry "CZE"]

1. e4 c5 2. Nf3 d6 3. d4 cxd4 4. Nxd4 Nf6 5. Nc3 g6 6. g3 Nc6 7. Nde2 Bg7 8. Bg2 0-0 9. 0-0 Bd7 10. h3 Rc8 11. Be3 Na5 12. b3 b5 13. a3 Rc7 14. Qd3 Qb8 15. Ra2 Rfc8 16. f4 e6 17. Qd2 Ne8 18. Nd1 Nc6 19. Nf2 Ne7 20. g4 f5 21. Kh2 fxe4 22. Nxe4 d5 23. Ng5 h6 24. Nf3 Nc6 25. Kh1 Nd6 26. Ne5 Nxe5 27. fxe5 Ne4 28. Bxe4 dxe4 29. Bxh6 e3 30. Qxe3 Rxc2 31. Rxc2 Rxc2 32. Bxg7 Kxg7 33. Qf2 Bc6+ 34. Kg1 Qe8 35. Rc1 Rxc1+ 36. Nxc1 Qd8 37. Ne2 Qd1+ 38. Kh2 Qh1+ 39. Kg3 Qe4 40. Qf6+ Kh7 41. Qf7+ Kh8 42. Qf8+ Kh7 43. Qf7+ Kh8 1/2-1/2

[Event "CZE-chT2B 1920"]
[Site "Czech Republic"]
[Date "2019.11.17"]
[Round "3.5"]
[White "Mestl, Martin"]
[Black "Kopta, Pavel"]
[Result "0-1"]
[WhiteElo "1965"]
[BlackElo "2221"]
[PlyCount "92"]
[EventDate "2019.10.13"]
[EventType "team-tourn"]
[EventRounds "11"]
[EventCountry "CZE"]
[SourceTitle "EXT 2024"]
[Source "ChessBase"]
[SourceDate "2023.10.10"]
[SourceVersion "1"]
[SourceVersionDate "2023.10.10"]
[SourceQuality "1"]
[WhiteTeam "Karlovy Vary Tietz II"]
[BlackTeam "Kobylisy"]
[WhiteTeamCountry "CZE"]
[BlackTeamCountry "CZE"]

1. d4 Nf6 2. c4 e6 3. Nf3 c5 4. Nc3 cxd4 5. Nxd4 d5 6. cxd5 Nxd5 7. Nxd5 Qxd5 8. e3 a6 9. Bd2 Be7 10. Qc2 Bd7 11. Be2 Nc6 12. Bf3 Nxd4 13. exd4 Qb5 14. a4 Qb6 15. 0-0 Rc8 16. Bc3 0-0 17. Qe2 Bf6 18. Rfe1 Rfe8 19. Qe3 Qc7 20. Be4 Bc6 21. a5 Bxe4 22. Qxe4 Red8 23. Rad1 Rd5 24. Rd3 Rcd8 25. Red1 g6 26. f4 Qd6 27. g3 h5 28. h4 Rd7 29. Kf2 Qc6 30. Ke3 Bd8 31. b4 Bf6 32. Qf3 Qd6 33. Qe4 Rc7 34. Kf3 Rc4 35. Qe3 Qc6 36. Ke2 Be7 37. Rb1 Qa4 38. Qd2 Qb5 39. Kf2 Bf6 40. Rd1 Rd8 41. Rb1 Qf5 42. Rd1 Rd5 43. Kg1 Be7 44. Re3 Qg4 45. Rd3 Bxh4 46. Re1 Bxg3 0-1

[Event "Pardubice Czech op-E 30th"]
[Site "Pardubice"]
[Date "2019.07.14"]
[Round "7.2"]
[White "Kopta, Pavel"]
[Black "Studnicka, Tomas"]
[Result "0-1"]
[WhiteElo "2227"]
[BlackElo "2331"]
[PlyCount "54"]
[EventDate "2019.07.11"]
[EventType "team-swiss"]
[EventRounds "7"]
[EventCountry "CZE"]
[SourceTitle "EXT 2020"]
[Source "ChessBase"]
[SourceDate "2019.10.17"]
[SourceVersion "1"]
[SourceVersionDate "2019.10.17"]
[SourceQuality "1"]
[WhiteTeam "Kobylisy"]
[BlackTeam "Turnov Zikuda"]
[WhiteTeamCountry "CZE"]
[BlackTeamCountry "CZE"]

1. d4 Nf6 2. c4 g6 3. Nc3 Bg7 4. e4 d6 5. Nf3 0-0 6. Be2 e5 7. 0-0 Nc6 8. d5 Ne7 9. b4 Ne8 10. c5 f5 11. Ng5 h6 12. Ne6 Bxe6 13. dxe6 fxe4 14. Bc4 Nf6 15. cxd6 cxd6 16. Qb3 d5 17. Be2 Kh7 18. Rd1 Qb6 19. Be3 d4 20. Na4 Qd6 21. f3 Ned5 22. Bf2 Nf4 23. Bc4 exf3 24. Qxf3 e4 25. Qb3 d3 26. h3 Ne2+ 27. Kh1 Nh5 0-1

[Event "Klatovy op-A 24th"]
[Site "Klatovy"]
[Date "2018.07.08"]
[Round "9"]
[White "Krutsky, Martin"]
[Black "Kopta, Pavel"]
[Result "1/2-1/2"]
[WhiteElo "2123"]
[BlackElo "2210"]
[PlyCount "22"]
[EventDate "2018.06.30"]
[EventType "swiss"]
[EventRounds "9"]
[EventCountry "CZE"]
[SourceTitle "EXT 2019"]
[Source "ChessBase"]
[SourceDate "2018.10.10"]
[SourceVersion "1"]
[SourceVersionDate "2018.10.10"]
[SourceQuality "1"]

1. e4 c5 2. Nf3 d6 3. d4 cxd4 4. Nxd4 Nf6 5. Nc3 g6 6. Bc4 Bg7 7. 0-0 0-0 8. Re1 Nc6 9. Bb3 Nxd4 10. Qxd4 Qa5 11. h3 Nd7 1/2-1/2

[Event "Klatovy op-A 24th"]
[Site "Klatovy"]
[Date "2018.07.02"]
[Round "3"]
[White "Brejnik, Gustav"]
[Black "Kopta, Pavel"]
[Result "0-1"]
[WhiteElo "2120"]
[BlackElo "2210"]
[PlyCount "56"]
[EventDate "2018.06.30"]
[EventType "swiss"]
[EventRounds "9"]
[EventCountry "CZE"]
[SourceTitle "CBM 185 Extra"]
[Source "ChessBase"]
[SourceDate "2018.07.29"]
[SourceVersion "1"]
[SourceVersionDate "2018.07.29"]
[SourceQuality "1"]

1. d4 Nf6 2. c4 e6 3. g3 c5 4. d5 exd5 5. cxd5 d6 6. Nc3 g6 7. Nf3 Bg7 8. Bg2 0-0 9. 0-0 a6 10. a4 Nbd7 11. e4 Re8 12. Nd2 Ne5 13. f4 Nd3 14. Nc4 Nxc1 15. Rxc1 b5 16. axb5 axb5 17. Nxb5 Nxe4 18. Bxe4 Rxe4 19. Ncxd6 Rd4 20. Qf3 Ba6 21. Rxc5 Bxb5 22. Nxb5 Qb6 23. Rfc1 Rb4 24. d6 Ra1 25. Kg2 Rxc1 26. Rxc1 Qxb5 27. Qa8+ Bf8 28. Rc2 Qd3 0-1

[Event "Klatovy op-A 24th"]
[Site "Klatovy"]
[Date "2018.07.01"]
[Round "2"]
[White "Kopta, Pavel"]
[Black "Skypala, Ondrej"]
[Result "1-0"]
[WhiteElo "2210"]
[BlackElo "1852"]
[PlyCount "59"]
[EventDate "2018.06.30"]
[EventType "swiss"]
[EventRounds "9"]
[EventCountry "CZE"]
[SourceTitle "CBM 185 Extra"]
[Source "ChessBase"]
[SourceDate "2018.07.29"]
[SourceVersion "1"]
[SourceVersionDate "2018.07.29"]
[SourceQuality "1"]

1. d4 Nf6 2. c4 g6 3. Nc3 Bg7 4. e4 d6 5. Nf3 0-0 6. Be2 e5 7. 0-0 Nc6 8. d5 Ne7 9. b4 a5 10. bxa5 Rxa5 11. a4 Nd7 12. Ba3 b6 13. Bb4 Ra8 14. a5 Nc5 15. Ra3 f5 16. Nd2 Bh6 17. axb6 Rxa3 18. bxc7 Qxc7 19. Bxa3 Qa5 20. Bxc5 dxc5 21. Qc2 fxe4 22. Ndxe4 Nf5 23. Bd3 Nd4 24. Qa4 Qd8 25. Ne2 Nf3+ 26. gxf3 Rxf3 27. Qc2 Qh4 28. N4g3 Bh3 29. Be4 Rf6 30. Bg2 1-0

[Event "Klatovy op-A 24th"]
[Site "Klatovy"]
[Date "2018.06.30"]
[Round "1"]
[White "Kostelecky, Daniel"]
[Black "Kopta, Pavel"]
[Result "1/2-1/2"]
[WhiteElo "1953"]
[BlackElo "2210"]
[PlyCount "54"]
[EventDate "2018.06.30"]
[EventType "swiss"]
[EventRounds "9"]
[EventCountry "CZE"]
[SourceTitle "CBM 185 Extra"]
[Source "ChessBase"]
[SourceDate "2018.07.29"]
[SourceVersion "1"]
[SourceVersionDate "2018.07.29"]
[SourceQuality "1"]

1. e4 c5 2. Nf3 d6 3. d4 cxd4 4. Nxd4 Nf6 5. Nc3 g6 6. f3 Bg7 7. Be3 0-0 8. Qd2 Nc6 9. 0-0-0 d5 10. Nxc6 bxc6 11. e5 Nd7 12. f4 Qa5 13. h4 e6 14. Kb1 Re8 15. h5 Rb8 16. hxg6 fxg6 17. Ne2 Qxd2 18. Bxd2 c5 19. Ba5 Nb6 20. Nc3 Rf8 21. g3 g5 22. Bd3 gxf4 23. Bxh7+ Kf7 24. Bxb6 Rxb6 25. gxf4 Rb4 26. Rdf1 Rh8 27. a3 Rb8 1/2-1/2

[Event "Klatovy op-A 23rd"]
[Site "Klatovy"]
[Date "2017.07.03"]
[Round "3"]
[White "Mulenko, Alexander"]
[Black "Kopta, Pavel"]
[Result "1/2-1/2"]
[WhiteElo "2050"]
[BlackElo "2238"]
[PlyCount "78"]
[EventDate "2017.07.01"]
[EventType "swiss"]
[EventRounds "9"]
[EventCountry "CZE"]
[SourceTitle "EXT 2018"]
[Source "ChessBase"]
[SourceDate "2017.10.13"]
[SourceVersion "1"]
[SourceVersionDate "2017.10.13"]
[SourceQuality "1"]

1. Nf3 g6 2. g3 Bg7 3. d4 Nf6 4. c4 0-0 5. Nc3 d5 6. cxd5 Nxd5 7. Bg2 c5 8. e4 Nxc3 9. bxc3 cxd4 10. cxd4 Nc6 11. Be3 Bg4 12. e5 Qa5+ 13. Qd2 Qxd2+ 14. Nxd2 Rfd8 15. Nb3 Rac8 16. 0-0 b6 17. f4 Nb4 18. Bf2 Be2 19. Rfc1 e6 20. Bb7 Rc4 21. Nd2 Rxc1+ 22. Rxc1 Nxa2 23. Ra1 Nc3 24. Rxa7 Rd7 25. Ra8+ Bf8 26. Rb8 Kg7 27. Bc6 Ra7 28. Rxb6 Ra2 29. Be1 Ba6 30. Bf3 Ne2+ 31. Bxe2 Bxe2 32. Kf2 Bc4 33. Ke3 Ra3+ 34. Kf2 Bd5 35. Ke2 Be7 36. Rb8 Ra4 37. Bf2 Bb4 38. Be3 Ba5 39. Rb2 Bc3 1/2-1/2

[Event "Klatovy op-A 23rd"]
[Site "Klatovy"]
[Date "2017.07.01"]
[Round "1"]
[White "Schuster, Jan"]
[Black "Kopta, Pavel"]
[Result "0-1"]
[WhiteElo "1967"]
[BlackElo "2238"]
[PlyCount "64"]
[EventDate "2017.07.01"]
[EventType "swiss"]
[EventRounds "9"]
[EventCountry "CZE"]
[SourceTitle "EXT 2018"]
[Source "ChessBase"]
[SourceDate "2017.10.13"]
[SourceVersion "1"]
[SourceVersionDate "2017.10.13"]
[SourceQuality "1"]

1. e4 c5 2. g3 d5 3. exd5 Qxd5 4. Qf3 Nf6 5. Nc3 Qe5+ 6. Qe2 Qxe2+ 7. Ngxe2 Nc6 8. Bg2 Bd7 9. a3 0-0-0 10. d3 e6 11. h3 Be7 12. Bd2 Nb8 13. 0-0-0 Bc6 14. Ne4 c4 15. f3 cxd3 16. N2c3 dxc2 17. Kxc2 Nxe4 18. fxe4 Nd7 19. Rhe1 Bf6 20. Be3 b6 21. Bf1 Kb7 22. Bf4 Bxc3 23. Kxc3 e5 24. Be3 Nf6 25. Rxd8 Rxd8 26. Bg5 Rd6 27. Bd3 h6 28. Bc1 Rd4 29. Be3 Nxe4+ 30. Kc2 Ba4+ 31. b3 Bxb3+ 32. Kxb3 Rxd3+ 0-1

[Event "Klatovy op 22nd"]
[Site "Klatovy"]
[Date "2016.07.09"]
[Round "8"]
[White "Kopta, Pavel"]
[Black "Zilavy, Jan"]
[Result "1-0"]
[WhiteElo "2235"]
[BlackElo "2030"]
[PlyCount "67"]
[EventDate "2016.07.02"]
[EventType "swiss"]
[EventRounds "9"]
[EventCountry "CZE"]
[SourceTitle "CBM 173 Extra"]
[Source "ChessBase"]
[SourceDate "2016.08.29"]
[SourceVersion "1"]
[SourceVersionDate "2016.08.29"]
[SourceQuality "1"]

1. d4 e6 2. c4 Nf6 3. Nc3 Bb4 4. Qc2 Nc6 5. Nf3 d6 6. Bd2 0-0 7. a3 Bxc3 8. Bxc3 Qe7 9. e3 e5 10. d5 Nb8 11. Be2 Bg4 12. 0-0 c6 13. dxc6 Nxc6 14. b4 Rac8 15. Rfd1 a6 16. Rac1 Bh5 17. b5 Bg6 18. Qb2 Nb8 19. Bb4 Ne4 20. Rd5 f6 21. Rcd1 Rfd8 22. Bd3 Nc5 23. Bxg6 hxg6 24. Qd2 Rd7 25. Bxc5 Rxc5 26. Rxd6 Rxd6 27. Qxd6 Qxd6 28. Rxd6 Rxc4 29. Rd8+ Kf7 30. Kf1 Nc6 31. bxc6 bxc6 32. Ne1 Ke7 33. Rd3 c5 34. Ke2 1-0

[Event "Klatovy op 22nd"]
[Site "Klatovy"]
[Date "2016.07.07"]
[Round "6"]
[White "Kopta, Pavel"]
[Black "Horak, Martin"]
[Result "1-0"]
[WhiteElo "2235"]
[BlackElo "2107"]
[PlyCount "69"]
[EventDate "2016.07.02"]
[EventType "swiss"]
[EventRounds "9"]
[EventCountry "CZE"]
[SourceTitle "CBM 173 Extra"]
[Source "ChessBase"]
[SourceDate "2016.08.29"]
[SourceVersion "1"]
[SourceVersionDate "2016.08.29"]
[SourceQuality "1"]

1. d4 Nf6 2. c4 e6 3. Nc3 Bb4 4. Qc2 c5 5. dxc5 Na6 6. a3 Bxc3+ 7. Qxc3 Nxc5 8. b4 Nce4 9. Qd4 d5 10. c5 b6 11. f3 bxc5 12. bxc5 Qa5+ 13. Qb4 Qc7 14. fxe4 Rb8 15. Qc3 Nxe4 16. Qc2 0-0 17. Nf3 Rb5 18. Be3 e5 19. g3 Bf5 20. Nh4 d4 21. Bd2 Rxc5 22. Qd3 Nxd2 23. Qxf5 e4 24. Qf4 Rc1+ 25. Rxc1 Qxc1+ 26. Kf2 Qxa3 27. Nf5 Nxf1 28. Rxf1 d3 29. Qxe4 dxe2 30. Re1 Qc5+ 31. Kg2 g6 32. Ne7+ Kg7 33. Rxe2 a5 34. Nd5 f6 35. Nf4 1-0

[Event "Klatovy op 22nd"]
[Site "Klatovy"]
[Date "2016.07.03"]
[Round "2"]
[White "Kopta, Pavel"]
[Black "Turner, Radek"]
[Result "1-0"]
[WhiteElo "2235"]
[BlackElo "2077"]
[PlyCount "35"]
[EventDate "2016.07.02"]
[EventType "swiss"]
[EventRounds "9"]
[EventCountry "CZE"]
[SourceTitle "CBM 173 Extra"]
[Source "ChessBase"]
[SourceDate "2016.08.29"]
[SourceVersion "1"]
[SourceVersionDate "2016.08.29"]
[SourceQuality "1"]

1. d4 e6 2. c4 Bb4+ 3. Bd2 Bxd2+ 4. Nxd2 b6 5. Ngf3 Bb7 6. g3 f5 7. Bg2 Nf6 8. 0-0 0-0 9. Qc2 Qe8 10. Rad1 d6 11. d5 e5 12. Ng5 g6 13. e4 fxe4 14. Ne6 Rf7 15. Nxe4 Nxe4 16. Bxe4 Na6 17. f4 exf4 18. Bxg6 1-0

[Event "CZE-chT1W 1516"]
[Site "Czech Republic"]
[Date "2016.03.20"]
[Round "10.4"]
[White "Kopta, Pavel"]
[Black "Polasek, Jaroslav"]
[Result "0-1"]
[WhiteElo "2269"]
[BlackElo "2316"]
[PlyCount "104"]
[EventDate "2015.10.11"]
[EventType "team-tourn"]
[EventRounds "11"]
[EventCountry "CZE"]
[SourceTitle "EXT 2017"]
[Source "ChessBase"]
[SourceDate "2016.10.25"]
[SourceVersion "1"]
[SourceVersionDate "2016.10.25"]
[SourceQuality "1"]
[WhiteTeam "Praha Kobylisy"]
[BlackTeam "Praha Pankrac"]
[WhiteTeamCountry "CZE"]
[BlackTeamCountry "CZE"]

1. d4 e6 2. c4 f5 3. g3 Nf6 4. Bg2 Be7 5. Nc3 0-0 6. Nf3 d6 7. 0-0 Qe8 8. Re1 Nc6 9. e4 fxe4 10. Nxe4 Qh5 11. Bf4 h6 12. h4 Ng4 13. Nh2 e5 14. dxe5 dxe5 15. Be3 Qg6 16. Nxg4 Bxg4 17. f3 Be6 18. Qe2 Rad8 19. Rad1 Nd4 20. Bxd4 exd4 21. Nf2 Rf6 22. Ng4 Bxg4 23. fxg4 Bb4 24. Be4 Qe8 25. Bd5+ Kf8 26. Qxe8+ Rxe8 27. Rxe8+ Kxe8 28. a3 Bd6 29. Kg2 c6 30. Bf3 Be5 31. Re1 Re6 32. Re4 Kd8 33. Kf2 Kc7 34. Ke2 Kd6 35. b4 b6 36. g5 hxg5 37. hxg5 c5 38. b5 Re7 39. Bh5 a6 40. bxa6 Ra7 41. Be8 Rxa6 42. a4 Ra8 43. Bb5 Rf8 44. Rg4 g6 45. Re4 Bxg3 46. Be8 Rf2+ 47. Kd1 d3 48. Bxg6 Bf4 49. Bh5 Bxg5 50. Bg4 Ra2 51. Re6+ Kc7 52. Ke1 d2+ 0-1